Statistics for COUNTRIES WITH THE HIGHEST NUMBER OF INCIDENTS ON COVID 19

Click here to take the quiz!

General Stats

  • This quiz has been taken 18 times
  • The average score is 13 of 15

Answer Stats

COUNTRY% Correct
6.GERMANY
100%
3.ITALY
100%
2.SPAIN
100%
4.UK
100%
1.USA
100%
11.CHINA
94%
5.FRANCE
94%
15.INDIA
94%
9.BRAZIL
88%
7.RUSSIA
88%
12.CANADA
76%
10.IRAN
76%
8.TURKEY
76%
14.BELGIUM
59%
13.PERU
53%

Score Distribution

Percentile by Number Answered

Percent of People with Each Score

Your Score History

You have not taken this quiz